| 000 | 00442nam a22001577a 4500 | ||
|---|---|---|---|
| 020 | _a997151401 | ||
| 040 | _cNust | ||
| 082 |
_a621.815 _bJUV |
||
| 100 |
_aRobert C. Juvinall _955066 |
||
| 110 |
_aKurt M. Marshek _9124612 |
||
| 245 | _aFundamentals of Machine Component Design | ||
| 250 | _a3ed Edition | ||
| 260 |
_aNew Delhi: _bJohn Wiley India, _c2002. |
||
| 650 |
_aFundamentals of Machine Component Design _9114247 |
||
| 942 |
_2ddc _cBK |
||
| 999 |
_c610421 _d610421 |
||